| 000 | 00561 a2200217 4500 | ||
|---|---|---|---|
| 005 | 20260210110249.0 | ||
| 008 | 260209b |||||||| |||| 00| 0 eng d | ||
| 020 |
_a9788119497713 _cRs. 2995.00 |
||
| 040 | _aMAIN | ||
| 082 |
_a597 _bL458C |
||
| 100 | _aChoudhary, Lalit | ||
| 245 | _aChodates comparative anatomy, function and evolution | ||
| 260 |
_bParadise Publishers _c2025 _aJaipur |
||
| 300 | _a296 | ||
| 650 | _aZoology | ||
| 650 | _aVertebrates | ||
| 650 | _aChordates | ||
| 700 | _aRao, Ashwarya | ||
| 700 | _aBhardwaj, Seema | ||
| 942 | _cBK | ||
| 999 |
_c395031 _d395031 |
||